| 000 | 00894nam a2200313Ia 4500 | ||
|---|---|---|---|
| 001 | Z_2647 | ||
| 003 | CHAP | ||
| 008 | 220113s9999 xx 000 0 und d | ||
| 010 | _a165707 | ||
| 020 | _a968-426-626-X | ||
| 040 | _cCHAP | ||
| 082 | _a612 G35 1994 | ||
| 100 |
_aGanong, William F. _945561 |
||
| 245 |
_aFisiología médica / _cWilliam F. Ganong; traducción Eduardo Cazacuberta Zaffaroni |
||
| 250 | _a14a ed. | ||
| 260 |
_aMéxico : _bEl Manual Moderno, _c |
||
| 300 | _a921 p. | ||
| 500 | _aTítulo original de la obra : Review of medical phisiology de 1993 | ||
| 503 | _aej.1: 175471 \ ej.2: 175471-2 | ||
| 504 | _aIncluye bibliografía e índice | ||
| 650 |
_aFisiología humana _9137527 |
||
| 700 |
_aCazacuberta Zaffaroni, Eduardo, tr. _9139658 |
||
| 901 | _a612 G35 1994 | ||
| 902 | _aM | ||
| 910 | _a | ||
| 942 | _c1 | ||
| 942 | _cc1 | ||
| 999 |
_c165707 _d165707 |
||